Institutionalizing assisted reproductive technologies : the role of science , professionalism and regulatory control (Record no. 86394)

MARC details
000 -LEADER
fixed length control field 00822 a2200253 4500
003 - CONTROL NUMBER IDENTIFIER
control field CBULib
005 - DATE AND TIME OF LATEST TRANSACTION
control field 20251027100938.0
008 - FIXED-LENGTH DATA ELEMENTS--GENERAL INFORMATION
fixed length control field 251027b |||||||| |||| 00| 0 eng d
020 ## - INTERNATIONAL STANDARD BOOK NUMBER
International Standard Book Number 9781138806214
040 ## - CATALOGING SOURCE
Language of cataloging English
Transcribing agency CBULib
Description conventions rda
041 ## - LANGUAGE CODE
Language code of text/sound track or separate title eng
050 ## - LIBRARY OF CONGRESS CALL NUMBER
Classification number RG133.5 Sty
100 ## - MAIN ENTRY--PERSONAL NAME
Personal name Styhre, Alexander
245 ## - TITLE STATEMENT
Title Institutionalizing assisted reproductive technologies : the role of science , professionalism and regulatory control
Statement of responsibility, etc / by Alexander Styhre and Rebecka Arman
260 ## - PUBLICATION, DISTRIBUTION, ETC. (IMPRINT)
Name of publisher, distributor, etc Routledge,
Date of publication, distribution, etc 2016
Place of publication, distribution, etc Oxon :
300 ## - PHYSICAL DESCRIPTION
Extent xi, 199 pages
336 ## - CONTENT TYPE
Source rdacontent
Content type term Text |
Content type code txt
337 ## - MEDIA TYPE
Source rdamedia
Media type term Unmediated |
Media type code n
338 ## - CARRIER TYPE
Source rdacarrier
Carrier type term Volume
Carrier type code nc
650 #0 - SUBJECT ADDED ENTRY--TOPICAL TERM
9 (RLIN) 4959
Topical term or geographic name as entry element GYNECOLOGY
650 #0 - SUBJECT ADDED ENTRY--TOPICAL TERM
9 (RLIN) 4960
Topical term or geographic name as entry element ASSISTED REPRODUCTIVE TECHNIQUE
700 ## - ADDED ENTRY--PERSONAL NAME
9 (RLIN) 4961
Personal name Arman, Rebecka
942 ## - ADDED ENTRY ELEMENTS (KOHA)
Source of classification or shelving scheme
Koha item type MONOGRAPH
Holdings
Withdrawn status Lost status Source of classification or shelving scheme Damaged status Not for loan Collection code Permanent Location Current Location Shelving location Date acquired Source of acquisition Cost, normal purchase price Total Checkouts Full call number Barcode Date last seen Copy number Price effective from Koha item type
          Main Library Open Access Collection CBU-MAIN LIBRARY, KITWE. CBU-MAIN LIBRARY, KITWE. General Stacks 10/27/2025 DON-BOOKAID 76.00   RG 133.5 Sty 753704 10/27/2025 1 10/27/2025 MONOGRAPH
          Main Library Open Access Collection CBU-MAIN LIBRARY, KITWE. CBU-MAIN LIBRARY, KITWE. General Stacks 10/27/2025 DON-BOOKAID 76.00   RG 133.5 Sty 753703 10/27/2025 2 10/27/2025 MONOGRAPH